Name the Arsenal Women's players (24/25) - Statistics

General Stats
  • This quiz has been taken 131 times
  • The average score is 21 of 27
Answer Stats
Picture Answer % Correct
Leah Williamson
98%
Beth Mead
97%
Alessia Russo
96%
Katie McCabe
96%
Emily Fox
93%
Kim Little
93%
Lotte Wubben-Moy
92%
Lia Walti
91%
Steph Catley
89%
Caitlin Foord
88%
Frida Maanum
87%
Mariona Caldentey
87%
Kyra Cooney-Cross
85%
Manuela Zinsberger
83%
Stina Blackstenius
83%
Victoria Pelova
82%
Laia Codina
78%
Daphne van Domselaar
72%
Lina Hurtig
72%
Katie Reid
70%
Rosa Kafaji
66%
Naomi Williams
55%
Laura Wienroither
54%
Amanda Ilestedt
51%
Freya Godfrey
47%
Vivienne Lia
46%
Laila Harbert
34%
No matching quizzes found
Score Distribution
Percent of People with Each Score
Percentile by Number Answered
Your Score History
You have not taken this quiz